Flags With Logos - Statistics

General Stats
  • This quiz has been taken 47 times
    14 since last reset
  • The average score is 26 of 32
Answer Stats
Picture Answer % Correct
Disney
100%
Google
100%
Nike
100%
Pepsi
100%
Adidas
93%
BMW
93%
Canada
93%
Firefox
93%
JetPunk
93%
South Korea
93%
Tesla
93%
Wikipedia
93%
Audi
86%
Brazil
86%
India
86%
Japan
86%
Pinterest
86%
Saudi Arabia
86%
Serbia
86%
Taco Bell
86%
Uruguay
86%
Panama
79%
Cambodia
71%
Dominica
71%
St Lucia
71%
American Airlines
64%
BP
64%
East Timor
64%
Mauritania
64%
Motorola
64%
Lesotho
57%
Seychelles
57%
No matching quizzes found
Score Distribution
Percent of People with Each Score
Percentile by Number Answered
Your Score History
You have not taken this quiz since the last reset